Movies Quiz

Random Movies or Letter Quiz

Movie Addition Quiz Stats

 Plays Quiz Updated Nov 4, 2017

Also try: Literary Math
Challenge
Share
Tweet
Embed
Score 0/25 Timer 08:00
1 Play Today
# of Letters Movie % Correct
5Rocky
85.5%
1W.
84.8%
3Big
77.1%
15Back to the Future
72.4%
2Up
64.9%
6Batman
62%
9The Matrix
61.7%
13The Wizard of Oz
60.2%
10Casablanca
59.8%
8Scarface
59%
12The Godfather
58.1%
25One Flew Over the Cuckoo's Nest
56.5%
19Raiders of the Lost Ark
49.4%
# of Letters Movie % Correct
4Jaws
49.3%
11Citizen Kane
48.8%
23The Good, The Bad, and The Ugly
45.4%
18To Kill A Mockingbird
44.9%
17Saving Private Ryan
44.1%
22The Shawshank Redemption
41.9%
14Schindler's List
39.3%
16Lawrence of Arabia
33.6%
7Vertigo
28.8%
20Night of the Living Dead
27.4%
24The Texas Chainsaw Massacre
11.5%
21It's a Mad, Mad, Mad, Mad World
9.3%

You're not logged in!

Compare scores with friends on all Sporcle quizzes.
Join for Free
OR
Log In

You Might Also Like...

Show Comments

Extras

Top Quizzes Today


Score Distribution

Your Account Isn't Verified!

In order to create a playlist on Sporcle, you need to verify the email address you used during registration. Go to your Sporcle Settings to finish the process.

Report this User

Report this user for behavior that violates our Community Guidelines.

Details: